| 000 | 00444nam a2200181Ia 4500 | ||
|---|---|---|---|
| 003 | GCL | ||
| 008 | 140319s9999 xx 000 0 eng d | ||
| 040 |
_aGCL / _cGCL |
||
| 082 | 0 | 4 |
_a813 _bR T |
| 100 | 1 | _aROSE, SHEPHERD | |
| 245 | 1 | 0 |
_aTOO RICH, TOO THIN / _cROSE, SHEPHERD |
| 260 |
_a[S.N] : _bMANDARIN ، _c1993 |
||
| 300 | _a435 P | ||
| 650 | 0 | 4 | _aENGLISH LITERATURE |
| 650 | 0 | 4 | _aENGLISH FICTION |
| 650 | 0 | 4 | _aFICTION |
| 942 |
_2ddc _cBK |
||
| 999 |
_c15021 _d15021 |
||